00767nam a22002297a 450000500170000000800410001702000200005804000140007804100060009208200120009810000250011024500410013526000410017630000300021765500300024765500300027765500360030765500260034394200480036999900190041795201010043620241016014142.0241015b sa ||||| |||| 00| 1 AFR d a0799312053qhbk aRDAc2000 2A aAF BIER aBierman, Ettie93795 aMeisie uit Meeubaai /cEttie Bierman aPretoria :bJ.P. van der Walt,c1987 a152 pagesbJacketc21 cm. 09189056aAfrikaans Fiction 09188653a Suspence Fiction 09188670aHuman Relations Fiction 09188216aLight Romance 2ddccBKw296xPhillipina NaudeyzCRON CRON c769018d769017 00102ddc40708FaKLIPLbKLIPLcFICd2024-10-15l0oAF BIERp73774r2024-10-15w2024-10-15yBK